| 000 | 00650nam a2200205Ia 4500 | ||
|---|---|---|---|
| 003 | GCL | ||
| 008 | 140319s9999 xx 000 0 ara d | ||
| 040 |
_aGCL / _cGCL |
||
| 082 | 0 | 4 |
_aق _b932 _bم ش |
| 245 | 1 | 0 |
_aشامبليون... لوجران : _bخطوات على ارض مصر |
| 260 |
_aالقاهرة : _bالمجلس الاعلى للاثار |
||
| 300 |
_a97 ص ؛ _c16 سم |
||
| 650 | 0 | 4 | _aالاثار الفرعونية |
| 650 | 0 | 4 | _aشامبليون |
| 650 | 0 | 4 | _aحجر رشيد |
| 650 | 0 | 4 | _aمصر - الاثار الاسلامية |
| 650 | 0 | 4 | _aمصر القديمة - تاريخ |
| 650 | 0 | 4 | _aلوجران |
| 942 |
_2ddc _cBK |
||
| 999 |
_c8583 _d8583 |
||